000 01231nam a2200325 a 4500
001 53240
003 BD-RjUL
005 20211209075929.0
008 161004s2008 enkab b 001 0 eng
020 _a9780821374979 (alk. paper)
020 _a0821374974 (alk. paper)
020 _a9780821374986
020 _a0821374982
035 _a(BD-RjUL)53360
040 _aDLC
_cDLC
_dYDX
_dBD-RjUL
_beng
041 _aeng
082 0 0 _a371.261
_223
_bAND 2008
100 1 _aAnderson, Prue,
_d1954-
_9159135
245 1 0 _aDeveloping tests and questionnaires for a national assessment of educational achievement /
_cPrue Anderson and George Morgan.
260 _aWashington, DC :
_bWorld Bank,
_cc2008.
300 _axvii, 168 p. :
_bill. ;
_c26 cm.
504 _aIncludes bibliographical references (p. 153-155) and index.
650 0 _aEducational tests and measurements
_zUnited States.
_9145470
650 0 _aEducational evaluation
_zUnited States.
_9132324
700 1 _aMorgan, George,
_d1945-
_9159137
856 4 1 _3Table of contents only
_uhttp://www.loc.gov/catdir/toc/fy0805/2008002684.html
942 _2ddc
_cBK
999 _c53240
_d53240